| 000 | 00498nam a2200193Ia 4500 | ||
|---|---|---|---|
| 008 | 180207s9999 xx 000 0 und d | ||
| 020 | _a9780786837489 | ||
| 050 | _bW699 2006 | ||
| 100 | _aWillems, Mo. | ||
| 245 | _aEdwina : | ||
| 245 | _bthe dinosaur who didn't know she was extinct / | ||
| 245 | _cMo Willems. | ||
| 250 | _aFirst edition. | ||
| 260 | _aNew York : | ||
| 260 | _bHyperion Books for Children, | ||
| 260 | _c2006 | ||
| 300 | _aunpaged : | ||
| 300 | _bcolor illustration ; | ||
| 999 |
_c355069 _d355069 |
||